[Event "Bayernliga U20 1314"]
[Site "Bayern"]
[Date "2013.11.30"]
[Round "3.6"]
[White "Banholzer, Jan"]
[Black "Wichmann, Adrian"]
[Result "0-1"]
[WhiteElo "825"]
[BlackElo "1973"]
[PlyCount "69"]
[EventDate "2013.11.16"]
[EventType "team-tourn"]
[EventRounds "7"]
[EventCountry "GER"]
[SourceTitle "EXT 2022"]
[Source "ChessBase"]
[SourceDate "2021.10.06"]
[SourceVersion "1"]
[SourceVersionDate "2021.10.06"]
[SourceQuality "1"]
[WhiteTeam "Vaterstetten SC U20"]
[BlackTeam "Forchheim SC U20"]
[WhiteTeamCountry "GER"]
[BlackTeamCountry "GER"]

1. e4 c5 2. Bc4 a6 3. Nc3 e6 4. d3 b5 5. Bxe6 dxe6 6. Nf3 Nc6 7. Bf4 Nge7 8. 0-0 Ng6 9. Qd2 Bd6 10. Bxd6 Qxd6 11. Ne2 e5 12. b3 Bg4 13. Qe3 Nd4 14. Nfxd4 cxd4 15. Qd2 Bxe2 16. Qxe2 Nf4 17. Qf3 0-0 18. Rac1 b4 19. g3 Ne6 20. Ra1 Rfc8 21. Rfc1 a5 22. h4 Rc6 23. Qf5 Nf8 24. g4 Qe6 25. Qh5 Ng6 26. g5 Nf4 27. Qf3 Qh3 28. Qxh3 Nxh3+ 29. Kg2 Nf4+ 30. Kf1 Rac8 31. f3 f6 32. Kf2 Rxc2+ 33. Rxc2 Rxc2+ 34. Kf1 Nxd3 35. Rd1 0-1